000 00342nam a2200145Ia 4500
003 OSt
005 20240301143139.0
008 170523s9999 xx 000 0 und d
020 _a978-0131747319
040 _cIIMTU MEERUT
100 _aBOONE- LE
245 0 _aCONTEMPORARY BUSINESS COMMUNICATION
260 _bRESPONSE BOOK
942 _2ddc
_c02
999 _c823
_d823